000 00968nam a22002655i 4500
001 157294
003 ES-MaACL
005 20250817005421.0
008 040819q18801900fr |||| | fre d
040 _aCAM
_bspa
_cCAM
100 1 _aLaurie, André.
_9128745
245 1 3 _aLa vie de collège en Angleterre /
_cpar André Laurie; illustrations par P. Philippoteaux.
250 _a4e éd.
260 _aParis :
_bJ. Hetzel et Cie.,
_c[s.a.] (
_fTyp. G. Chamerot)
300 _a326 p., [1] h. de lám. ;
_c19 cm.
490 1 _aCollection Hetzel
490 1 _aBibliothèque d'education et de récreation
490 1 _aLa vie de collège dans tous les pays)(
596 _aImpreso ca. 1880-1900.
830 0 _aCollection Hetzel
_9188385
830 0 0 _aBibliothèque d'éducation et de récréation
_9188119
830 0 _aLa vie de collège dans tous les pays)(
_9221770
852 _aES-MaACL
_jF-10346
_z-- Enc. pasta española
999 _c157294
_d157294